000
00254nam a2200109Ia 4500
008
190907s9999||||xx |||||||||||||| ||und||
100
_a
David A. Stamper
245
0
_a
Local Area Networks
260
_a
USA
_b
McGraw -Hill
_c
1997
300
_a
462
942
_c
BK
999
_c
6563
_d
6563